| 000 | 00625nam a2200205 a 4500 | ||
|---|---|---|---|
| 005 | 20221104063456.0 | ||
| 008 | 010528s2001 mx r 000 0 spa d | ||
| 020 | _a9684444885 | ||
| 035 | _aUPN01000143834 | ||
| 049 | _aCG | ||
| 050 | 4 |
_aHF5549 _bD4.2 2001 |
|
| 100 | 1 |
_aDessler, Gary, _d1942- _930975 |
|
| 245 | 1 | 0 |
_aAdministración de personal / _cGary Dessler ; tr. Pilar Mascaró Sacristán. |
| 250 | _a8a ed. | ||
| 260 |
_aMéxico : _bPearson Educación, _c2001. |
||
| 300 |
_a700 p. : _bil. |
||
| 534 |
_pTraducción de: _tHuman resource management |
||
| 650 | 2 |
_aAdministración de personal _9487 |
|
| 905 | _aLibro | ||
| 999 |
_c115981 _d115981 |
||